A gestô do PCMSO (Programa de Controle Mďico de Sad︢e Ocupacional) /

Detalles Bibliográficos
Autor principal: Veloso, Gustavo Franco
Formato: eBook
Lenguaje:portugués
Publicado: San Pablo: LTR, 2021
Materias:
Acceso en línea:Acceso restringido

MARC

LEADER 00000nam a22000007a 4500
005 20220513220359.0
007 cr|||| ||||
008 220513s2021 br |||||s|||| 00||0 por d
020 |a 978-65-5883-089-4 
035 |a 36398 
040 |a vLex 
090 |c 13335  |d 13335 
100 1 |a Veloso, Gustavo Franco 
245 1 1 |a A gestô do PCMSO  |h [Recurso electrn̤ico] :  |b (Programa de Controle Mďico de Sad︢e Ocupacional) /  |c Gustavo Franco Veloso 
256 |a Servicio en ln̕ea 
260 |a San Pablo:  |b LTR,  |c 2021 
300 |a 1 recurso electrn̤ico 
500 |a Esta obra discute, dentre outros, os pontos positivos e os menos conservadores includ̕os na nova NR07 em cotejo com a sua redaȯ̂ anterior, o passo a passo da elaboraȯ̂ do PCMSO dentro do modelo de gestô, os V Pilares essenciais para a gestô do PCMSO, referenciado a partir do modelo de gestô de SST da OIT (2001) e da nova NR07 e NR01, e as consequn̊cias da gestô deficitr̀ia do PCMSO para o mďico do trabalho, empresas e previdn̊cia social, incluindo a atuaȯ̂ do MPT e AGU. Por fim, apresentamos ao leitor um modelo prt̀ico de gestô para o PCMSO. 
506 1 |a Disponible solo en los productos indicados  |d vLex Global  |d vLex Global (Academic Edition, excluding Law Schools)  |d vLex Global (U.S. Academic Edition, Law Schools)  |d vLex Global (U.S. Academic Edition, excluding Law Schools)  |d vLex Global (Academic Edition, Law Schools) 
650 0 4 |a Derecho Laboral y Seguridad Social  |z Brasil 
740 0 |a vLex Libros (Servicio en ln̕ea) 
856 4 0 |u https://app.vlex.com/#/sources/36398  |z Acceso restringido 
942 |c BOOK 
999 0 |a Labor law and social security